书目信息 |
| 题名: |
太极拳术:理论与实践
|
|
| 作者: | 刘光鼎 著 | |
| 分册: | ||
| 出版信息: | 北京 科学出版社 1992.08 |
|
| 页数: | 196页 | |
| 开本: | 32开 | |
| 丛书名: | ||
| 单 册: | ||
| 中图分类: | G852.11 | |
| 科图分类: | ||
| 主题词: | 武术 , 民族形式体育 | |
| 电子资源: | ||
| ISBN: | 7-03-002687-X | |
| 000 | 00578nam0 2200205 45 | |
| 001 | 0009041524 | |
| 005 | 20000904153652.4 | |
| 010 | @a7-03-002687-X@d9.80元 | |
| 100 | @a20000904d1992 km y0chiy0120 ea | |
| 101 | 0 | @achi |
| 105 | @a z 000yy | |
| 200 | 1 | @a太极拳术:理论与实践@ATai Ji Quan Shu:Li Lun Yu Shi Jian@f刘光鼎著@FLiu Guang Ding Zhu |
| 210 | @a北京@c科学出版社@d1992.08 | |
| 215 | @a196页@d32开 | |
| 606 | 0 | @a武术 |
| 606 | 0 | @a民族形式体育 |
| 690 | @aG852.11@v3 | |
| 701 | 0 | @a刘光鼎@4著 |
| 801 | @aCN@bPftUser@c20000904 | |
| 905 | @b118716-720@dG852.11@eL163@f5 | |
| 太极拳术:理论与实践/刘光鼎著.-北京:科学出版社,1992.08 |
| 196页;32开 |
| ISBN 7-03-002687-X:9.80元 |
| ● |
| 相关链接 |
|
|
|
正题名:太极拳术:理论与实践
索取号:G852.11/L163
 
预约/预借
| 序号 | 登录号 | 条形码 | 馆藏地/架位号 | 状态 | 备注 |
| 1 | 118716 | 201187161 | 社科库409/409社科库 25排1列4层/ [索取号:G852.11/L163] | 在馆 | |
| 2 | 118717 | 201187170 | 社科库409/409社科库 25排1列4层/ [索取号:G852.11/L163] | 在馆 | |
| 3 | 118718 | 201187189 | 社科库409/409社科库 25排1列4层/ [索取号:G852.11/L163] | 在馆 | |
| 4 | 118719 | 201187198 | 社科库409/409社科库 25排1列4层/ [索取号:G852.11/L163] | 在馆 | |
| 5 | 118720 | 201187205 | 社科库409/409社科库 25排1列4层/ [索取号:G852.11/L163] | 在馆 |